Giáo trình lịch sử nghệ thuật
Giáo trình cung cấp những kiến thức về nghệ thuật, về lịch sử nghệ thuật theo từng thời kỳ và từng trường phái nghệ thuật nổi tiếng thế giới..
Đã lưu trong:
| Hovedforfatter: | |
|---|---|
| Format: | Bog |
| Sprog: | Undetermined |
| Udgivet: |
Hà Nội
Xây dựng
2007
|
| Fag: | |
| Tags: |
Tilføj Tag
Ingen Tags, Vær først til at tagge denne postø!
|
| Thư viện lưu trữ: | Trung tâm Học liệu Trường Đại học Cần Thơ |
|---|
| LEADER | 00893nam a2200217Ia 4500 | ||
|---|---|---|---|
| 001 | CTU_168468 | ||
| 008 | 210402s9999 xx 000 0 und d | ||
| 020 | |c 69000 | ||
| 082 | |a 709 | ||
| 082 | |b H407/T.2 | ||
| 100 | |a Đặng, Thái Hoàng | ||
| 245 | 0 | |a Giáo trình lịch sử nghệ thuật | |
| 245 | 0 | |c Đặng Thái Hoàng, Nguỹen Văn Đỉnh (Đồng chủ biên) | |
| 260 | |a Hà Nội | ||
| 260 | |b Xây dựng | ||
| 260 | |c 2007 | ||
| 520 | |a Giáo trình cung cấp những kiến thức về nghệ thuật, về lịch sử nghệ thuật theo từng thời kỳ và từng trường phái nghệ thuật nổi tiếng thế giới.. | ||
| 650 | |a Art,Nghệ thuật | ||
| 650 | |x History,Lịch sử | ||
| 904 | |i Bạch Trúc | ||
| 980 | |a Trung tâm Học liệu Trường Đại học Cần Thơ | ||